| 000 | 00627nam a2200253 a 4500 | ||
|---|---|---|---|
| 999 |
_c6716 _d6716 |
||
| 001 | 6716 | ||
| 003 | BD-JhCC | ||
| 005 | 20180128185209.0 | ||
| 008 | 180128s1960 nyu 001 0 eng d | ||
| 035 | _a(BD-JhCC)6716 | ||
| 035 | _a1002610 | ||
| 040 |
_aBD-JhCC _cANL _dBD-JhCC |
||
| 041 | _aeng | ||
| 082 | 0 | 4 |
_a947 _219 _bLAW 1962 |
| 100 | 1 | _aLawrence, John. | |
| 245 | 1 | 2 |
_aA history of Russia / _cJohn Lawrence. |
| 260 |
_aNew York : _bFarrar, _c[1960]. |
||
| 300 |
_a320 p. :. _c20 cm |
||
| 504 | _aIncludes Index | ||
| 650 | _aRussia | ||
| 651 | 0 |
_aSoviet Union _xHistory. |
|
| 942 |
_2ddc _cBK |
||